| 000 | 00850cam a2200205 i 4500 | ||
|---|---|---|---|
| 001 | 22071233 | ||
| 005 | 20230808113140.0 | ||
| 008 | 210607s2022 utuab b 001 0 eng c | ||
| 020 | _a9781647690236 | ||
| 082 | 0 | 0 | _a972 |
| 245 | 0 | 0 |
_aBorderlands histories : _bethnographic observations and archaeological interpretations / _cedited by John Carpenter and Matthew Pailes. |
| 264 | 1 |
_aSalt Lake City : _bThe University of Utah Press, _c[2022] |
|
| 300 |
_axi, 322 p: _billus, _c26 cm. |
||
| 504 | _aIncludes bibliographical references (pages 259-309) and index. | ||
| 650 | 0 | _aIndians of Mexico | |
| 700 | 1 |
_aCarpenter, John _q(John P.), _eeditor. |
|
| 700 | 1 |
_aPailes, Matthew, _eeditor. |
|
| 776 | 0 | 8 |
_iOnline version: _tBorderlands histories. _dSalt Lake City : The University of Utah Press, [2022] _z9781647690274 _w(DLC) 2021023938 |
| 942 |
_2ddc _cMAIN |
||
| 999 |
_c9677 _d9678 |
||